[Event "Sabaneta op-B 1st"]
[Site "Sabaneta"]
[Date "2022.11.27"]
[Round "4"]
[White "Guzman Guacas, Daniel Stiven"]
[Black "Sierra Lopez, Raul"]
[Result "0-1"]
[WhiteElo "1381"]
[BlackElo "1661"]
[PlyCount "84"]
[EventDate "2022.11.25"]
[EventType "swiss"]
[EventRounds "8"]
[EventCountry "COL"]
[SourceTitle "CBM 211 Extra"]
[Source "ChessBase"]
[SourceDate "2023.01.31"]
[SourceVersion "1"]
[SourceVersionDate "2023.01.31"]
[SourceQuality "1"]

1. d4 Nf6 2. Nf3 g6 3. Bf4 d6 4. e3 Bg7 5. Nbd2 b6 6. Be2 Bb7 7. 0-0 0-0 8. Re1 Nbd7 9. h3 Re8 10. c3 e5 11. Bg5 e4 12. Nh2 h6 13. Bxf6 Qxf6 14. f3 d5 15. Ng4 Qh4 16. fxe4 dxe4 17. Bc4 h5 18. Rf1 Re7 19. Nh2 Bh6 20. Qe2 Kg7 21. Rf2 f5 22. Raf1 Rf8 23. Rf4 Bxf4 24. Rxf4 Qf6 25. h4 Qd6 26. Nhf1 c5 27. Ng3 cxd4 28. cxd4 Qb4 29. Bb3 Qd6 30. Nc4 Qc6 31. Qd2 Kh7 32. Qb4 Qf6 33. Ba4 Bd5 34. Bxd7 Rxd7 35. Ne5 Qd6 36. Qb5 Rc7 37. Qa6 Qb4 38. Kh2 Bc4 39. Nxc4 Qxc4 40. Qa3 Rff7 41. b3 Qc1 42. Qxc1 Rxc1 0-1

[Event "Medellin Aristizabal Cup"]
[Site "Medellin"]
[Date "2022.07.10"]
[Round "4"]
[White "Sierra Lopez, Raul"]
[Black "Ortiz Lopera, Miguel Angel"]
[Result "0-1"]
[WhiteElo "1681"]
[BlackElo "1815"]
[PlyCount "104"]
[EventDate "2022.07.08"]
[EventType "swiss"]
[EventRounds "7"]
[EventCountry "COL"]
[SourceTitle "CBM 209 Extra"]
[Source "ChessBase"]
[SourceDate "2022.09.30"]
[SourceVersion "1"]
[SourceVersionDate "2022.09.30"]
[SourceQuality "1"]

1. e4 e5 2. Nc3 Nc6 3. Bc4 Bc5 4. Nf3 Nf6 5. d3 d6 6. Be3 Bb6 7. h3 Be6 8. Bb5 0-0 9. d4 exd4 10. Nxd4 Nxd4 11. Bxd4 Bxd4 12. Qxd4 c6 13. Be2 Qb6 14. Qxb6 axb6 15. a3 d5 16. e5 Nd7 17. f4 f6 18. exf6 Rxf6 19. g3 Bf5 20. 0-0-0 Nc5 21. Bf3 Re8 22. Bg2 Rfe6 23. g4 Be4 24. Bxe4 Nxe4 25. Nxe4 Rxe4 26. f5 h6 27. Rd2 Kf7 28. Rf2 Kf6 29. Rhh2 b5 30. c3 R8e5 31. Kd2 b6 32. Re2 Rxe2+ 33. Rxe2 Rxe2+ 34. Kxe2 Kg5 35. Kf3 Kh4 36. Kf4 Kxh3 37. g5 hxg5+ 38. Kxg5 c5 39. Kf4 d4 40. cxd4 cxd4 41. Ke4 Kg4 42. Kxd4 Kxf5 43. Kc3 g5 44. Kb4 g4 45. Kxb5 g3 46. Kxb6 g2 47. a4 g1Q+ 48. Kb7 Qc5 49. Ka6 Qb4 50. a5 Ke6 51. b3 Kd7 52. Ka7 Kc7 0-1

[Event "Medellin Aristizabal Cup"]
[Site "Medellin"]
[Date "2022.07.09"]
[Round "2"]
[White "Sierra Lopez, Raul"]
[Black "Zabala, Fidel"]
[Result "0-1"]
[WhiteElo "1681"]
[BlackElo "1930"]
[PlyCount "54"]
[EventDate "2022.07.08"]
[EventType "swiss"]
[EventRounds "7"]
[EventCountry "COL"]
[SourceTitle "CBM 209 Extra"]
[Source "ChessBase"]
[SourceDate "2022.09.30"]
[SourceVersion "1"]
[SourceVersionDate "2022.09.30"]
[SourceQuality "1"]

1. e4 Nf6 2. e5 Nd5 3. d4 d6 4. c4 Nb6 5. exd6 cxd6 6. Nc3 g6 7. Bd3 Bg7 8. Nge2 0-0 9. Be3 Re8 10. 0-0 Nc6 11. b3 d5 12. c5 Nd7 13. Rc1 Nf6 14. a3 Ng4 15. h3 Nxe3 16. fxe3 e5 17. b4 exd4 18. exd4 Nxd4 19. Kh1 Bxh3 20. gxh3 Re3 21. Ng1 Qh4 22. Nce2 Nxe2 23. Bxe2 Rxh3+ 24. Nxh3 Qxh3+ 25. Kg1 Qg3+ 26. Kh1 Be5 27. Rf4 Bxf4 0-1

[Event "Medellin IRT de Segunda Antioquia"]
[Site "Medellin"]
[Date "2019.05.22"]
[Round "1.9"]
[White "Llano Buritica, Eduardo Alejandro"]
[Black "Sierra Lopez, Raul"]
[Result "1-0"]
[WhiteElo "1824"]
[BlackElo "1723"]
[PlyCount "43"]
[EventDate "2019.05.22"]
[EventType "swiss"]
[EventRounds "7"]
[EventCountry "COL"]
[SourceTitle "EXT 2024"]
[Source "ChessBase"]
[SourceDate "2023.10.10"]
[SourceVersion "1"]
[SourceVersionDate "2023.10.10"]
[SourceQuality "1"]

1. d4 Nf6 2. c4 e5 3. dxe5 Ng4 4. e4 Bb4+ 5. Bd2 Bxd2+ 6. Qxd2 Nxe5 7. Nc3 0-0 8. 0-0-0 Nbc6 9. f4 Ng6 10. Nf3 d6 11. h4 f5 12. Ng5 Nge7 13. c5 fxe4 14. Bc4+ d5 15. Nxd5 Kh8 16. Qe2 Bf5 17. g4 Bd7 18. Qxe4 Ng6 19. h5 Qxg5 20. hxg6 Rxf4 21. Rxh7+ Kg8 22. Nf6+ 1-0

[Event "COL-ch U20"]
[Site "Medellin"]
[Date "2019.03.16"]
[Round "7"]
[White "Sierra Lopez, Raul"]
[Black "Loaiza Cuervo, Santiago"]
[Result "1/2-1/2"]
[WhiteElo "1600"]
[BlackElo "1736"]
[PlyCount "80"]
[EventDate "2019.03.13"]
[EventType "swiss"]
[EventRounds "7"]
[EventCountry "COL"]
[SourceTitle "CBM 189 Extra"]
[Source "ChessBase"]
[SourceDate "2019.06.03"]
[SourceVersion "1"]
[SourceVersionDate "2019.06.03"]
[SourceQuality "1"]

1. e4 c5 2. Nc3 Nc6 3. f4 g6 4. Nf3 Bg7 5. g3 d6 6. Bg2 Nf6 7. 0-0 Bg4 8. h3 Bxf3 9. Bxf3 0-0 10. g4 Nd4 11. Bg2 e6 12. Ne2 Nxe2+ 13. Qxe2 Rb8 14. d3 b5 15. Bf3 d5 16. g5 dxe4 17. dxe4 Nd7 18. e5 Qc7 19. Be3 Rfd8 20. Rad1 Bf8 21. Rd2 Nb6 22. b3 Nd5 23. Bxd5 exd5 24. Rfd1 d4 25. Bf2 Qa5 26. e6 Qc7 27. Qg4 Bd6 28. f5 fxe6 29. fxg6 hxg6 30. Qxe6+ Qf7 31. Qxf7+ Kxf7 32. h4 Bf4 33. Rd3 Kg7 34. b4 Rbc8 35. bxc5 Be5 36. Bxd4 Rxd4 37. Rxd4 Bxd4+ 38. Rxd4 Rxc5 39. Rd7+ Kg8 40. Rxa7 Rxc2 1/2-1/2

[Event "COL-ch U20"]
[Site "Medellin"]
[Date "2019.03.13"]
[Round "1"]
[White "Moncada Correa, Sara"]
[Black "Sierra Lopez, Raul"]
[Result "1-0"]
[WhiteElo "1849"]
[BlackElo "1600"]
[PlyCount "20"]
[EventDate "2019.03.13"]
[EventType "swiss"]
[EventRounds "7"]
[EventCountry "COL"]
[SourceTitle "CBM 189 Extra"]
[Source "ChessBase"]
[SourceDate "2019.06.03"]
[SourceVersion "1"]
[SourceVersionDate "2019.06.03"]
[SourceQuality "1"]

1. d4 Nf6 2. Nf3 g6 3. g3 Bg7 4. Bg2 0-0 5. c4 d6 6. Nc3 Nbd7 7. 0-0 c6 8. e4 e5 9. Re1 Re8 10. d5 c5 1-0